| 000 | 00410nam a22001697a 4500 | ||
|---|---|---|---|
| 005 | 20160630122951.0 | ||
| 008 | 160630b xxu||||| |||| 00| 0 eng d | ||
| 020 | _a81-219-2524-X | ||
| 041 | _aeng | ||
| 082 | _b19740 | ||
| 100 |
_aKhurmi R S _944 |
||
| 245 | _aTheory of Machines | ||
| 260 |
_aNew Delhi _bSultan Chand & Sons, _c2014 |
||
| 300 | _a1062 | ||
| 650 |
_aDiploma Engineering _9817 |
||
| 942 | _cBK | ||
| 999 |
_c4924 _d4922 |
||